[Event "5th Classic Open 2013"]
[Site "London ENG"]
[Date "2013.12.08"]
[Round "2.71"]
[White "Staneland, Peter E"]
[Black "Johannesson, Oliver"]
[Result "0-1"]
[WhiteElo "1829"]
[BlackElo "2078"]
[WhiteFideId "416576"]
[BlackFideId "2305623"]
[EventDate "2013.12.07"]

1. Nf3 d5 2. d4 c6 3. c4 Nf6 4. Nc3 dxc4 5. a4 Bf5 6. e3 e6 7. Bxc4 Bb4 8. O-O
O-O 9. Nh4 Bg4 10. f3 Bh5 11. g4 Nd5 12. Ng2 Bg6 13. e4 Nxc3 14. bxc3 Bxc3 15.
Rb1 Bxd4+ 16. Kh1 Bb6 17. Qb3 Nd7 18. Rd1 Qe8 19. Ba3 Bc5 20. Rxd7 Bxa3 21. Rbd1
Bc5 22. Qxb7 Bb6 23. Nf4 Rb8 24. Qxc6 Rc8 25. Qb5 Rc5 26. Qb3 Qb8 27. Nxg6 hxg6
28. Bxe6 fxe6 29. Qxe6+ Kh7 30. Qe7 Qe5 31. Qxf8 Rc2 32. R7d2 Rc6 33. Rd5 Qc3
34. e5 Rf6 35. Qxf6 gxf6 36. R1d3 Qe1+ 37. Kg2 Qg1+ 38. Kh3 Qf1+ 39. Kg3 g5 40.
Rd2 Be3 41. Rd7+ Kg6 0-1

[Event "5th Classic Open 2013"]
[Site "London ENG"]
[Date "2013.12.08"]
[Round "2.72"]
[White "Villiers, Thomas"]
[Black "Clayton, Tristan"]
[Result "1-0"]
[WhiteElo "2078"]
[BlackElo "1832"]
[WhiteFideId "427209"]
[BlackFideId "416533"]
[EventDate "2013.12.07"]

1. c4 e6 2. g3 d5 3. Nf3 Nf6 4. Bg2 Be7 5. O-O O-O 6. b3 Nbd7 7. Bb2 c6 8. e3
Re8 9. d4 Ne4 10. Nc3 Nxc3 11. Bxc3 Bd6 12. Qe2 Qe7 13. e4 f6 14. Nd2 dxe4 15.
Bxe4 e5 16. Rae1 Nf8 17. c5 Bc7 18. Bg2 Ng6 19. Qh5 Qf7 20. Nc4 Be6 21. Ne3 Qd7
22. Rd1 Nf4 23. gxf4 exf4 24. d5 fxe3 25. dxe6 exf2+ 26. Kxf2 Qxe6 27. Rfe1 Qf7
28. Qxf7+ 1-0

[Event "5th Classic Open 2013"]
[Site "London ENG"]
[Date "2013.12.08"]
[Round "2.73"]
[White "Puccini, Jack"]
[Black "Burnham, Frank D"]
[Result "1-0"]
[WhiteTitle "CM"]
[WhiteElo "2073"]
[BlackElo "1818"]
[WhiteFideId "3213307"]
[BlackFideId "419516"]
[EventDate "2013.12.07"]

1. e4 a6 2. d4 b5 3. Bd3 Bb7 4. Nf3 e6 5. O-O Nf6 6. Qe2 Be7 7. Nbd2 O-O 8. c3
d6 9. a4 c6 10. e5 Nd5 11. Ne4 dxe5 12. dxe5 h6 13. Bb1 Nd7 14. Qc2 f5 15. exf6
N5xf6 16. Ba2 Nxe4 17. Qxe4 Nc5 18. Qg4 Rf6 19. Be3 Qe8 20. Ne5 Nxa4 21. Bxe6+
Kh8 22. Bd7 Qd8 23. Bf5 g5 24. Bxg5 hxg5 25. Qh5+ Kg7 26. Qh7+ 1-0

[Event "5th Classic Open 2013"]
[Site "London ENG"]
[Date "2013.12.08"]
[Round "2.75"]
[White "Burke, John S"]
[Black "Baterdene, Tsogbayar"]
[Result "0-1"]
[WhiteElo "2045"]
[BlackElo "1816"]
[WhiteFideId "404322"]
[BlackFideId "4901592"]
[EventDate "2013.12.07"]

1. e4 c5 2. Nc3 Nc6 3. f4 g6 4. Nf3 Bg7 5. Be2 e6 6. O-O Nge7 7. d3 O-O 8. Qe1
d5 9. Qh4 f5 10. e5 d4 11. Nb1 Nd5 12. Qg3 Ncb4 13. Ne1 b5 14. h4 Kh8 15. Kf2
Bh6 16. Rh1 Ne3 17. Bxe3 dxe3+ 18. Qxe3 Nd5 19. Qf3 c4 20. Kg1 Bxf4 21. g3 Qb6+
22. Kh2 Bxe5 23. c3 Bb7 24. Rf1 Ne3 25. Qf2 Nxf1+ 0-1

[Event "5th Classic Open 2013"]
[Site "London ENG"]
[Date "2013.12.08"]
[Round "2.76"]
[White "Opasiak, Dustin Tennessee"]
[Black "De Andres Gonalons, Fernando"]
[Result "1-0"]
[WhiteElo "1796"]
[BlackElo "2040"]
[WhiteFideId "24630217"]
[BlackFideId "2221896"]
[EventDate "2013.12.07"]

1. e4 e6 2. d4 d5 3. Nc3 dxe4 4. Nxe4 Nd7 5. Bd3 Ngf6 6. Nf3 Nxe4 7. Bxe4 c5 8.
dxc5 Nxc5 9. Qxd8+ Kxd8 10. Ng5 Nxe4 11. Nxf7+ Ke8 12. Nxh8 Bc5 13. Be3 Bxe3 14.
fxe3 Ke7 15. Rf1 Nd6 16. O-O-O Bd7 17. Nf7 Bb5 18. Nxd6 Bxf1 19. Rxf1 Kxd6 20.
Rf7 b5 21. Rxg7 h6 22. Rg6 Rf8 23. Kd2 Rf2+ 24. Kd3 h5 25. h4 b4 26. Rg5 e5 27.
Rg6+ Kc5 28. e4 Rf4 29. g3 Rf3+ 30. Ke2 Rf7 31. Ke3 Rf1 32. Re6 Re1+ 33. Kd3
Rd1+ 34. Ke2 Rg1 35. Rxe5+ Kd4 36. Rb5 a5 37. c3+ Kxe4 38. cxb4 Rg2+ 39. Kf1
Rxb2 40. Rxa5 Kf3 41. Ra3+ Kg4 42. Rb3 Rxa2 43. b5 Ra8 44. b6 Kh3 45. b7 Rb8 46.
Kf2 Kh2 47. Kf3 1-0

[Event "5th Classic Open 2013"]
[Site "London ENG"]
[Date "2013.12.08"]
[Round "2.77"]
[White "Duncan, Patrick C M"]
[Black "Arapalea, Daniel-Ionel"]
[Result "0-1"]
[WhiteElo "2035"]
[BlackElo "1814"]
[WhiteFideId "405787"]
[BlackFideId "1232614"]
[EventDate "2013.12.07"]

1. b4 Nf6 2. Bb2 d6 3. e3 e5 4. c4 g6 5. d3 Bg7 6. Be2 Bd7 7. Nf3 Nc6 8. b5 Ne7
9. O-O O-O 10. Nbd2 Re8 11. a4 a5 12. Qc2 b6 13. Nb3 Rc8 14. Rac1 Nf5 15. Rfe1
Bh6 16. Bf1 c6 17. Qb1 c5 18. Rcd1 Qe7 19. h3 Ng7 20. d4 Bf5 21. Qa1 Bc2 22.
dxe5 dxe5 23. Bxe5 Ne4 24. Qb2 Bxd1 25. Rxd1 f6 26. Nbd2 Nxd2 27. Bxf6 Nxf3+ 28.
gxf3 0-1

[Event "5th Classic Open 2013"]
[Site "London ENG"]
[Date "2013.12.08"]
[Round "2.78"]
[White "De Lagontrie, Jean"]
[Black "Ditmas, Hugh"]
[Result "0-1"]
[WhiteElo "1775"]
[BlackElo "2034"]
[WhiteFideId "605271"]
[BlackFideId "1270666"]
[EventDate "2013.12.07"]

1. d4 Nf6 2. c4 e6 3. Nc3 Bb4 4. e3 O-O 5. Ne2 d5 6. a3 Bd6 7. c5 Be7 8. Nf4 c6
9. b4 b6 10. Bd3 Nbd7 11. O-O Qc7 12. Bb2 e5 13. dxe5 Nxe5 14. cxb6 axb6 15.
Nce2 g5 16. Nh3 Nfg4 17. Ng3 Nxd3 18. Qxd3 Ne5 19. Bxe5 Qxe5 20. f4 Ba6 21. fxe5
Bxd3 22. Rfd1 Bg6 23. Rac1 Rfc8 24. Rc3 h5 25. Nf2 h4 26. Ne2 Bf8 27. Ng4 Be7
28. Nf6+ Bxf6 29. exf6 Bh5 30. Kf2 Kh7 31. Rdc1 Bxe2 32. Kxe2 Re8 33. Kf3 Kg6
34. Rxc6 Rxa3 35. R1c3 Rxc3 36. Rxc3 Re4 37. Rd3 Rxb4 38. Rxd5 Kxf6 39. e4 Kg6
40. Rd6+ Kg7 41. Rd5 f6 42. g3 hxg3 43. hxg3 b5 44. Rd6 Rb3+ 45. Kg4 b4 46. Rb6
Rb1 47. e5 fxe5 48. Kxg5 b3 49. Rb7+ Kf8 50. Kf6 Ke8 51. Ke6 Kd8 52. g4 e4 53.
Rd7+ Kc8 54. Rd2 e3 55. Re2 Rc1 56. Rxe3 b2 57. Rb3 b1=Q 58. Rxb1 Rxb1 59. g5
Kd8 60. Kf7 Rf1+ 61. Kg7 Ke7 62. g6 Rg1 0-1

[Event "5th Classic Open 2013"]
[Site "London ENG"]
[Date "2013.12.08"]
[Round "2.79"]
[White "Donovan, Nigel P"]
[Black "Peck, Silas"]
[Result "1-0"]
[WhiteElo "2033"]
[BlackElo "1803"]
[WhiteFideId "403822"]
[BlackFideId "432865"]
[EventDate "2013.12.07"]

1. e4 e5 2. Bc4 Bc5 3. Nf3 Nc6 4. d3 Nf6 5. O-O d6 6. c3 O-O 7. Nbd2 a6 8. Bb3
Ba7 9. Nc4 Be6 10. Bg5 h6 11. Bh4 Bxc4 12. Bxc4 Na5 13. Nd2 b5 14. Bb3 Nxb3 15.
axb3 Qe7 16. Bxf6 Qxf6 17. Rxa6 Qg5 18. Nf3 Qg4 19. Qa1 f5 20. h3 Qf4 21. Rxa7
Rac8 22. Qc1 fxe4 23. Qxf4 Rxf4 24. dxe4 Rxe4 25. Rd1 Rf4 26. Rda1 Rcf8 27. Ra8
c5 28. Rxf8+ Rxf8 29. Rd1 Rf6 30. Ne1 Kf7 31. Nc2 Ke6 32. Ne3 Rf8 33. Nd5 Rc8
34. c4 b4 35. Ra1 Kf7 36. Ra7+ Kf8 37. Kf1 Rd8 38. Ke2 Re8 39. Kd2 Rd8 40. Ke3
Re8 41. Nc7 Re7 42. Nb5 Re6 43. Rd7 Rg6 44. g3 1-0

[Event "5th Classic Open 2013"]
[Site "London ENG"]
[Date "2013.12.08"]
[Round "2.80"]
[White "Torgersen, Markus"]
[Black "Samaganova, Alexandra"]
[Result "1/2-1/2"]
[WhiteElo "1732"]
[BlackElo "2033"]
[WhiteFideId "1511653"]
[BlackFideId "13800221"]
[EventDate "2013.12.07"]

1. e4 c5 2. Nc3 e6 3. g3 Nc6 4. Bg2 g6 5. d3 Bg7 6. Be3 d6 7. Qd2 a6 8. Nge2 Nd4
9. O-O Ne7 10. Nd1 Nxe2+ 11. Qxe2 O-O 12. f4 Rb8 13. h4 b5 14. g4 f5 15. Bh3 Nc6
16. Qf2 fxg4 17. Bxg4 Kh8 18. Qg3 Rb7 19. Rf2 Qe7 20. h5 gxh5 21. Bxh5 Bd4 22.
Rg2 1/2-1/2

[Event "5th Classic Open 2013"]
[Site "London ENG"]
[Date "2013.12.08"]
[Round "2.81"]
[White "Prior, Stephen C V"]
[Black "Chilton, James I"]
[Result "1-0"]
[WhiteElo "2031"]
[BlackElo "1778"]
[WhiteFideId "423378"]
[BlackFideId "423009"]
[EventDate "2013.12.07"]

1. e4 c5 2. Nf3 e6 3. d4 cxd4 4. Nxd4 a6 5. g3 Nc6 6. Bg2 Bc5 7. Nb3 Ba7 8. O-O
Nge7 9. Nc3 O-O 10. a4 f5 11. Qe2 fxe4 12. Nxe4 d5 13. Ng5 Rf6 14. Be3 d4 15.
Rad1 e5 16. Qc4+ Kh8 17. Nf7+ Rxf7 18. Qxf7 Bg4 19. Bf3 Bh3 20. Rfe1 Qb6 21. a5
Nxa5 22. Nxd4 Qxb2 23. Qxe7 Bb6 24. Bh6 Rg8 25. Bd5 Bxd4 26. Bxg7+ 1-0

[Event "5th Classic Open 2013"]
[Site "London ENG"]
[Date "2013.12.08"]
[Round "2.83"]
[White "Taylor, William J"]
[Black "Kouchak, Jason"]
[Result "1-0"]
[WhiteElo "2017"]
[BlackElo "1740"]
[WhiteFideId "423130"]
[BlackFideId "26011379"]
[EventDate "2013.12.07"]

1. e4 d5 2. exd5 Nf6 3. Nf3 Bg4 4. Bb5+ Nbd7 5. h3 Bh5 6. c4 a6 7. Ba4 b5 8.
cxb5 Nxd5 9. d4 e6 10. O-O Bxf3 11. Qxf3 Bd6 12. Nc3 Nxc3 13. bxc3 axb5 14. Bxb5
O-O 15. a4 c5 16. Ba3 Qc7 17. Qc6 Qxc6 18. Bxc6 Rad8 19. Bxd7 Rxd7 20. dxc5 Be7
21. c6 Rc7 22. Bxe7 Rxe7 23. Rfb1 Rc7 24. Rb6 Rfc8 25. a5 Rxc6 26. Rxc6 Rxc6 27.
a6 Rc8 28. Kf1 Kf8 29. Ke2 Ke7 30. a7 Ra8 31. Ra6 Kd7 32. Kd3 Kc7 33. Kd4 Kb7
34. Ra4 Rd8+ 35. Kc5 Rd5+ 36. Kb4 Ka8 37. Ra2 h5 38. c4 Rd7 39. Kb5 g5 40. Kc6
Rd4 41. c5 f5 42. Kb6 Rb4+ 43. Kc7 e5 44. c6 e4 45. Rc2 f4 46. Kd6 Rd4+ 47. Ke7
Rb4 48. c7 Rb7 49. Kf6 1-0

[Event "5th Classic Open 2013"]
[Site "London ENG"]
[Date "2013.12.08"]
[Round "2.84"]
[White "Amato, Giampiero"]
[Black "Gates, David A"]
[Result "1-0"]
[WhiteElo "2009"]
[BlackElo "1727"]
[WhiteFideId "813303"]
[BlackFideId "415723"]
[EventDate "2013.12.07"]

1. e4 c6 2. c4 d5 3. cxd5 cxd5 4. exd5 Qxd5 5. Nc3 Qd8 6. d4 g6 7. Bc4 Bg7 8.
Nf3 Nf6 9. O-O O-O 10. Ne5 Nc6 11. Nxc6 bxc6 12. Qa4 Bb7 13. Rd1 Nd5 14. Qb3 Qd7
15. Na4 Bc8 16. Nc5 Qg4 17. h3 Qh5 18. Bxd5 cxd5 19. Bf4 Qf5 20. Qe3 Qf6 21. Be5
Qb6 22. Bxg7 Kxg7 23. Qxe7 Qxb2 24. Qe5+ Kg8 25. Qxd5 Bf5 26. Ne4 Bxe4 27. Qxe4
Rad8 28. d5 Rd6 29. a4 Rfd8 30. Rab1 Qa2 31. Ra1 Qb2 32. Rab1 Qa2 33. Rb7 Rxd5
34. Rxd5 Rxd5 35. Qe8+ Kg7 36. Qxf7+ Kh6 37. Qf4+ 1-0

[Event "5th Classic Open 2013"]
[Site "London ENG"]
[Date "2013.12.08"]
[Round "2.86"]
[White "Gschwendtner, Stanislav"]
[Black "Miu, Marinel"]
[Result "1/2-1/2"]
[WhiteElo "1999"]
[BlackElo "1683"]
[WhiteFideId "307297"]
[BlackFideId "1220691"]
[EventDate "2013.12.07"]

1. c4 c5 2. g3 Nc6 3. Bg2 g6 4. Nc3 Bg7 5. Nf3 Nf6 6. O-O O-O 7. d4 Nxd4 8. Nxd4
cxd4 9. Qxd4 d6 10. Qd3 Rb8 11. Be3 b6 12. Bd4 Ba6 13. Nb5 Bxb5 14. cxb5 d5 15.
Rac1 Rc8 16. Rc6 Rxc6 17. bxc6 Qc7 18. Qc3 Rc8 19. Rb1 Qd6 20. Be5 Ne4 21. Bxd6
Nxc3 22. bxc3 exd6 23. Bxd5 Kf8 24. c4 Bd4 25. Rd1 Bc5 26. e4 Ke7 27. Kg2 f6 28.
f4 Rf8 29. g4 h6 30. f5 g5 31. Kf3 Rh8 32. h4 Bb4 33. a4 Bc3 34. Be6 Kd8 35.
Rxd6+ Kc7 36. Rd3 Be5 37. Rd7+ Kxc6 38. h5 a5 39. Rd5 Bd6 40. Rb5 Bc5 41. Bd5+
Kd6 42. Rb3 Ke5 43. Rd3 Rd8 44. Rd1 Rd6 45. Rd3 1/2-1/2

[Event "5th Classic Open 2013"]
[Site "London ENG"]
[Date "2013.12.08"]
[Round "2.88"]
[White "Acosta, Mariano USA"]
[Black "Haddock, Paul"]
[Result "1-0"]
[WhiteElo "1991"]
[BlackElo "1668"]
[WhiteFideId "2008629"]
[BlackFideId "419150"]
[EventDate "2013.12.07"]

1. d4 Nf6 2. Nf3 g6 3. Bg5 Bg7 4. Nbd2 d5 5. e3 O-O 6. Bd3 b6 7. Ne5 Bb7 8. Qf3
Nbd7 9. Ng4 Ne4 10. Nxe4 dxe4 11. Bxe4 Bxe4 12. Qxe4 Nf6 13. Nxf6+ exf6 14. Bh4
Re8 15. Qd3 Qd7 16. c3 f5 17. O-O Re4 18. Bg3 Rae8 19. Rad1 Qc6 20. Bf4 h6 21.
f3 R4e7 22. Rde1 g5 23. Bg3 Qf6 24. e4 f4 25. Bf2 h5 26. g3 fxg3 27. Bxg3 Qg6
28. Qd1 h4 29. Bf2 g4 30. Bxh4 gxf3+ 31. Bg3 Rxe4 32. Rxe4 Rxe4 33. Qxf3 Rg4 34.
Kg2 Bh6 35. Qf5 Qxf5 36. Rxf5 c6 37. Kf3 Rg6 38. Bf4 Bxf4 39. Kxf4 Rh6 40. Kg3
Rg6+ 41. Kh4 Kf8 42. Rg5 Rf6 43. Kg3 Rf1 44. Re5 Rb1 45. Re2 Rg1+ 46. Kf2 Rg5
47. Kf3 Rf5+ 48. Kg3 Rg5+ 49. Kf3 a6 50. h4 Rf5+ 51. Kg3 Kg7 52. Re7 Rf1 53. Rb7
b5 54. Rb6 Rg1+ 55. Kf4 Rg2 56. b3 Rxa2 57. Rxc6 a5 58. Rc5 Rc2 59. Ke3 a4 60.
Kd3 axb3 61. Rxb5 Rh2 62. Rxb3 Rxh4 63. d5 Kf8 64. Rb4 Rxb4 65. cxb4 Ke7 66. b5
Kd6 67. b6 Kd7 68. Ke4 Kc8 69. d6 1-0

[Event "5th Classic Open 2013"]
[Site "London ENG"]
[Date "2013.12.08"]
[Round "2.89"]
[White "Shepley, Julien M"]
[Black "Altman, Joshua"]
[Result "1/2-1/2"]
[BlackTitle "CM"]
[WhiteElo "1986"]
[BlackElo "1626"]
[WhiteFideId "403210"]
[BlackFideId "426210"]
[EventDate "2013.12.07"]

1. e4 c5 2. b3 Nc6 3. Bb2 e5 4. Nc3 d6 5. g3 g6 6. Bg2 Bg7 7. Nd5 Nge7 8. f4 O-O
9. Ne2 f5 10. O-O Nd4 11. Nxe7+ Qxe7 12. c3 Nc6 13. d3 Qc7 14. Qd2 Be6 15. c4
Rf7 16. Nc3 Nd4 17. Nd5 Qd7 18. Rf2 Raf8 19. Raf1 Bh6 20. Kh1 Bxd5 21. exd5 Re7
22. b4 b6 23. Bxd4 exd4 24. bxc5 bxc5 25. Re1 Rfe8 26. Rfe2 1/2-1/2

[Event "5th Classic Open 2013"]
[Site "London ENG"]
[Date "2013.12.08"]
[Round "2.90"]
[White "Milligan, Helen"]
[Black "Lie, Terje"]
[Result "1/2-1/2"]
[WhiteTitle "CM"]
[WhiteElo "1977"]
[BlackElo "1551"]
[WhiteFideId "2401312"]
[BlackFideId "1504916"]
[EventDate "2013.12.07"]

1. e4 d6 2. d4 Nf6 3. Nc3 g6 4. Nf3 Bg7 5. Be2 O-O 6. O-O Bg4 7. Be3 Nc6 8. Qd2
e5 9. dxe5 dxe5 10. Rad1 Qc8 11. Qc1 Rd8 12. Rxd8+ Nxd8 13. Rd1 Ne6 14. h3 Bxf3
15. Bxf3 c6 16. Na4 Qc7 17. c4 b6 18. Nc3 Bf8 19. a3 Rd8 20. Ne2 Rxd1+ 21. Qxd1
Qd7 22. Qxd7 Nxd7 23. Bg4 Ndc5 24. Bxe6 Nxe6 25. f3 Bc5 26. Bxc5 Nxc5 27. Nc1 a5
28. b4 axb4 29. axb4 Nd7 30. Nd3 g5 31. Kf2 f6 32. g3 Kf7 33. Ke3 c5 34. bxc5
Nxc5 35. Nxc5 1/2-1/2

[Event "5th Classic Open 2013"]
[Site "London ENG"]
[Date "2013.12.08"]
[Round "2.91"]
[White "Warstad, Leif E"]
[Black "Cannon, Raymond C"]
[Result "0-1"]
[WhiteElo "1564"]
[BlackElo "1975"]
[WhiteFideId "1516060"]
[BlackFideId "408018"]
[EventDate "2013.12.07"]

1. Nf3 g6 2. d4 Bg7 3. c4 d6 4. Nc3 Nd7 5. e4 e5 6. d5 Ne7 7. Be2 O-O 8. O-O f5
9. exf5 gxf5 10. Ng5 Nf6 11. Bd2 h6 12. Ne6 Bxe6 13. dxe6 Qc8 14. Qc1 Kh7 15.
Qc2 Qxe6 16. Rad1 c6 17. f3 d5 18. cxd5 cxd5 19. Qb1 d4 20. Nb5 Qb6 21. Kh1 a6
22. Na3 Kh8 23. Bd3 Nfd5 24. Rfe1 Qf6 25. Nc4 Nc6 26. Na3 Ndb4 27. Bc4 b5 28.
Bxb4 Nxb4 29. Bf1 Rac8 30. Rc1 Rxc1 31. Rxc1 e4 32. fxe4 fxe4 0-1

[Event "5th Classic Open 2013"]
[Site "London ENG"]
[Date "2013.12.09"]
[Round "3.3"]
[White "Arkell, Keith C"]
[Black "Sutovsky, Emil"]
[Result "0-1"]
[WhiteTitle "GM"]
[BlackTitle "GM"]
[WhiteElo "2438"]
[BlackElo "2657"]
[WhiteFideId "400270"]
[BlackFideId "2802007"]
[EventDate "2013.12.07"]

1. d4 Nf6 2. Nf3 g6 3. c4 Bg7 4. Nc3 O-O 5. g3 d6 6. Bg2 Nbd7 7. O-O e5 8. e4 c6
9. Re1 exd4 10. Nxd4 Ng4 11. Qxg4 Bxd4 12. Qd1 Bg7 13. Qe2 Re8 14. Bd2 f5 15.
Qf1 Nc5 16. Rab1 a5 17. f3 fxe4 18. Nxe4 Bf5 19. Bg5 Qb6 20. Be3 Bxe4 21. fxe4
Qb4 22. Bf4 Be5 23. Qe2 Rf8 24. Be3 Rae8 25. Qc2 a4 26. Kh1 Ne6 27. b3 a3 28.
Rf1 Nd4 29. Qd3 Rxf1+ 30. Bxf1 c5 31. Bd2 Qb6 32. b4 Rf8 33. bxc5 Qxc5 34. Be3
Bh8 35. Rd1 Qe5 36. Bg2 Ne6 37. Qd5 Re8 38. Bf4 Qxd5 39. cxd5 Nxf4 40. gxf4 b5
41. e5 b4 42. Bf1 b3 43. axb3 dxe5 44. Bc4 e4 45. d6+ Kf8 46. b4 Bc3 47. Kg2 Ra8
48. Ba2 Bxb4 49. Rd4 Rb8 50. Be6 e3 51. Kf3 e2 52. Kxe2 Bc5 53. Rd2 Re8 54. d7
Rxe6+ 0-1

[Event "5th Classic Open 2013"]
[Site "London ENG"]
[Date "2013.12.09"]
[Round "3.4"]
[White "Cherniaev, Alexander"]
[Black "Iordachescu, Viorel"]
[Result "1/2-1/2"]
[WhiteTitle "GM"]
[BlackTitle "GM"]
[WhiteElo "2434"]
[BlackElo "2614"]
[WhiteFideId "4117301"]
[BlackFideId "13900200"]
[EventDate "2013.12.07"]

1. d4 Nf6 2. g3 c5 3. dxc5 Qa5+ 4. Nd2 Qxc5 5. Bg2 g6 6. e4 Bg7 7. h3 a5 8. Ne2
a4 9. O-O O-O 10. c4 Nc6 11. Rb1 d6 12. Nc3 Qa5 13. Nd5 Nxd5 14. exd5 Nb4 15.
Ne4 Nxa2 16. Bd2 Qa6 17. Qc2 b5 18. c5 b4 19. Bg5 Ra7 20. cxd6 exd6 21. Nf6+ Kh8
22. Qd2 Bf5 23. Qf4 Bxb1 24. Qh4 h5 25. Rxb1 Qe2 26. g4 Bxf6 27. Bxf6+ Kh7 28.
Bf1 Qe4 29. Rd1 Re8 30. Rd4 Qb1 31. Kg2 Nc1 32. Rf4 Nd3 33. Rf5 Re5 34. Bxd3
Qxd3 35. Bxe5 Qxd5+ 36. Rf3 Qxe5 37. gxh5 gxh5 38. Qxb4 f5 39. Qf4 Rg7+ 40. Kh2
Rf7 41. Kh1 Qxb2 42. Qxd6 Qb7 43. Qd3 h4 44. Kh2 Qc7+ 45. Kh1 Qc6 46. Kh2 Qc7+
47. Kh1 Qc1+ 48. Kh2 Qg5 49. Qd5 Rg7 50. Qxf5+ Qxf5 51. Rxf5 Ra7 52. Rh5+ Kg6
53. Rxh4 a3 54. Rg4+ Kf5 55. Rg1 a2 56. Ra1 Ke4 57. Kg3 Kd3 58. h4 Kc2 59. h5
Kb2 60. Rxa2+ Kxa2 61. Kg4 Kb3 62. Kg5 Kc4 63. h6 Kd5 64. Kg6 Ke6 65. h7 Rxh7 1/2-1/2

[Event "5th Classic Open 2013"]
[Site "London ENG"]
[Date "2013.12.09"]
[Round "3.5"]
[White "Hammer, Jon Ludvig"]
[Black "Pert, Richard G"]
[Result "1-0"]
[WhiteTitle "GM"]
[BlackTitle "IM"]
[WhiteElo "2612"]
[BlackElo "2433"]
[WhiteFideId "1503707"]
[BlackFideId "404748"]
[EventDate "2013.12.07"]

1. d4 d5 2. c4 e6 3. Nf3 Nf6 4. g3 dxc4 5. Bg2 a6 6. O-O Nc6 7. e3 Bd7 8. Qe2 b5
9. b3 cxb3 10. axb3 Be7 11. Bb2 O-O 12. Rc1 Nb4 13. Na3 Bc6 14. Nc2 Be4 15. Nxb4
Bxb4 16. Ne5 Bxg2 17. Kxg2 Be7 18. Nc6 Qd7 19. e4 Rfe8 20. Qf3 h6 21. g4 Qc8 22.
h4 e5 23. Nxe5 Bd6 24. g5 hxg5 25. hxg5 Bxe5 26. dxe5 Nh7 27. Qh5 Qd8 28. g6
fxg6 29. Qxg6 Qg5+ 30. Qxg5 Nxg5 31. Rxc7 Nxe4 32. f4 Rac8 33. Rac1 Rcd8 34. Kf3
Rd2 35. Kxe4 Rxb2 36. Rg1 Rxb3 37. Rgxg7+ Kh8 38. Rh7+ Kg8 39. Rcg7+ Kf8 40. Ra7
Kg8 41. Rag7+ Kf8 42. f5 Rb4+ 43. Kd5 Rc4 44. f6 1-0

[Event "5th Classic Open 2013"]
[Site "London ENG"]
[Date "2013.12.09"]
[Round "3.6"]
[White "Zumsande, Martin"]
[Black "Gupta, Abhijeet"]
[Result "1-0"]
[WhiteTitle "IM"]
[BlackTitle "GM"]
[WhiteElo "2430"]
[BlackElo "2608"]
[WhiteFideId "4651324"]
[BlackFideId "5010608"]
[EventDate "2013.12.07"]

1. e4 e5 2. Nf3 Nc6 3. d4 exd4 4. Nxd4 Nf6 5. Nxc6 bxc6 6. e5 Qe7 7. Qe2 Nd5 8.
c4 Nb6 9. Nc3 Bb7 10. Bd2 O-O-O 11. O-O-O Kb8 12. h4 Re8 13. Rh3 c5 14. Bf4 Qe6
15. Re3 Be7 16. Bg3 Ba6 17. b3 Bb7 18. a4 a5 19. Qd2 Qh6 20. e6 fxe6 21. Nb5 e5
22. Qxa5 d6 23. Be2 Bd8 24. Qa7+ Kc8 25. Bg4+ Re6 26. Nxd6+ cxd6 27. Rxd6 Re8
28. Bxe5 1-0

[Event "5th Classic Open 2013"]
[Site "London ENG"]
[Date "2013.12.09"]
[Round "3.8"]
[White "Van Kampen, Robin"]
[Black "Ahlander, Bjorn"]
[Result "1/2-1/2"]
[WhiteTitle "GM"]
[BlackTitle "IM"]
[WhiteElo "2601"]
[BlackElo "2429"]
[WhiteFideId "1020854"]
[BlackFideId "1700251"]
[EventDate "2013.12.07"]

1. e4 c5 2. Nf3 e6 3. d4 cxd4 4. Nxd4 a6 5. Bd3 Bc5 6. Nb3 Be7 7. Qg4 g6 8. Qe2
d6 9. O-O Nd7 10. a4 b6 11. Na3 Qc7 12. Nc4 Bb7 13. a5 b5 14. Nb6 Nxb6 15. axb6
Qxb6 16. Na5 Nf6 17. Bh6 Nd7 18. Kh1 Nc5 19. Be3 Qc7 20. Bxc5 dxc5 21. Bxb5+ Kf8
22. Bc4 Kg7 23. f4 Bf6 24. c3 Bc8 25. Nb3 a5 26. Qf2 Be7 27. Nc1 Rd8 28. Nd3 a4
29. Qe2 Ra7 30. Bb5 Bd7 31. Bxd7 Qxd7 32. Ne5 Qb7 33. f5 exf5 34. exf5 Rf8 35.
Rad1 Qa6 36. Qe4 Bf6 37. Ng4 g5 38. Qe3 Rc8 39. Qh3 h5 40. Nxf6 Qxf6 41. Qxh5 a3
42. bxa3 Rxa3 43. Rd3 Rh8 44. Qd1 Ra6 45. Qd2 Rh4 46. h3 c4 47. Rd5 g4 48. Kh2
gxh3 49. gxh3 Qh6 50. Qxh6+ Rhxh6 51. Rd4 Rhc6 52. Kg3 Kf6 53. Rh4 Kg7 54. Rff4
Ra3 55. f6+ Rxf6 56. Rhg4+ Rg6 57. Rxc4 Ra1 58. Rxg6+ Kxg6 59. Rc8 Rh1 60. c4 f6
61. c5 Rc1 62. c6 Rc4 63. Kf3 Kg7 64. Ke3 f5 65. Kd3 Rc1 66. h4 f4 67. Ke4 Rc4+
68. Kd5 f3 69. Ra8 f2 70. Ra1 Rc2 71. Kd6 Kh6 72. c7 Kh5 73. Rh1 Rd2+ 74. Kc6
Rc2+ 75. Kd7 Rd2+ 76. Kc8 Rc2 77. Kb7 Rb2+ 78. Kc6 Rc2+ 79. Kd6 Rd2+ 80. Kc6 1/2-1/2

[Event "5th Classic Open 2013"]
[Site "London ENG"]
[Date "2013.12.09"]
[Round "3.10"]
[White "Bok, Benjamin"]
[Black "Fernandez, Daniel Howard"]
[Result "1-0"]
[WhiteTitle "IM"]
[BlackTitle "IM"]
[WhiteElo "2540"]
[BlackElo "2381"]
[WhiteFideId "1017063"]
[BlackFideId "5801605"]
[EventDate "2013.12.07"]

1. e4 e5 2. Bc4 Nc6 3. Nf3 Be7 4. O-O d6 5. c3 Nf6 6. d3 O-O 7. Bb3 Nh5 8. d4 g6
9. Bh6 Ng7 10. Nbd2 Kh8 11. Re1 f6 12. h3 Qe8 13. Nc4 Nd8 14. Nh2 Nf7 15. Be3
Nh5 16. Qd2 g5 17. Nf1 Nf4 18. Ng3 Nh6 19. f3 Be6 20. Bf2 Qf7 21. Ne3 Bxb3 22.
axb3 Qxb3 23. d5 Qb5 24. c4 Qd7 25. b4 c6 26. dxc6 bxc6 27. Ra6 Qb7 28. Rea1 d5
29. cxd5 cxd5 30. Nxd5 Nxd5 31. Qxd5 Qxd5 32. exd5 Bxb4 33. Ne4 Ng8 34. R1a4
Rfb8 35. g4 Rb5 36. d6 Rd8 37. Bxa7 Kg7 38. Rb6 Rxb6 39. Bxb6 Rxd6 40. Rxb4 Rd1+
41. Kf2 Ne7 42. Bc5 Ng6 43. Rb7+ Kh6 44. Ng3 1-0